|
|
|
|
| LEADER |
01288nam a22003497a 4500 |
| 001 |
39150 |
| 003 |
BD-DhAAL |
| 008 |
220727r19911982enk 001 0 eng d |
| 010 |
|
|
|a 2009475061
|
| 020 |
|
|
|a 0192816284
|
| 020 |
|
|
|a 9780192816283
|
| 040 |
|
|
|a DLC
|c DLC
|d BD-DhAAL
|
| 041 |
1 |
|
|a eng
|
| 050 |
0 |
0 |
|a BP109
|b .A7 2008
|
| 082 |
|
|
|a 297.122
|
| 130 |
0 |
|
|a Qurʼan.
|l English.
|9 50326
|
| 245 |
1 |
4 |
|a The Koran interpreted :
|c translated with an introduction by Arthur J. Arberry.
|
| 246 |
1 |
4 |
|a Koran
|
| 260 |
|
|
|a Oxford ;
|a New York :
|b Oxford University Press,
|c 1982 [reprinted 1991].
|
| 300 |
|
|
|a xiii, 673 pages ;
|c 20 cm.
|
| 490 |
0 |
|
|a The world's classics
|
| 500 |
|
|
|a Originally published: London : Allen & Unwin, 1955.
|
| 500 |
|
|
|a Includes index.
|
| 541 |
|
|
|a Donated By Akbar Ali Khan
|e 39150
|
| 546 |
|
|
|a Translation of the Arabic.
|
| 650 |
|
|
|a Qurʼan
|v Commentaries.
|9 50327
|
| 700 |
1 |
|
|a Arberry, A. J.
|q (Arthur John),
|d 1905-1969.
|9 50328
|
| 830 |
|
|
|a The world's classics
|9 50329
|
| 852 |
|
|
|a Ayesha Abed Library
|c Akbar Ali Khan Collection
|
| 942 |
|
|
|2 ddc
|c BK
|
| 999 |
|
|
|c 44663
|d 44663
|
| 952 |
|
|
|0 0
|1 0
|2 ddc
|4 0
|6 297_122000000000000_KOR
|7 1
|9 71349
|a BRACUL
|b BRACUL
|c AAKC
|d 2022-07-27
|e Donated by Akbar Ali Khan
|l 0
|o 297.122 KOR
|p 3010039150
|r 2022-07-27
|t 1
|w 2022-07-27
|y BK
|